BIBLIOTECA

SENCICO

Diseño gráfico (Registro nro. 279)

Detalles MARC
000 -LEADER
fixed length control field 01244nam a2200253Ia 4500
003 - CONTROL NUMBER IDENTIFIER
control field PE SENCICO BE
005 - DATE AND TIME OF LATEST TRANSACTION
control field 20251020182432.0
008 - FIXED-LENGTH DATA ELEMENTS--GENERAL INFORMATION
fixed length control field 200515s9999 xx 000 0 und d
020 ## - INTERNATIONAL STANDARD BOOK NUMBER
International Standard Book Number 84-8076-043-5
040 ## - CATALOGING SOURCE
Original cataloging agency PE SENCICO BE
Transcribing agency PE SENCICO BE
041 ## - LANGUAGE CODE
Language code of text/sound track or separate title spa
082 ## - DEWEY DECIMAL CLASSIFICATION NUMBER
Classification number 741.6
Item number D
245 10 - TITLE STATEMENT
Title Diseño gráfico
250 ## - EDITION STATEMENT
Edition statement 1a ed.
260 ## - PUBLICATION, DISTRIBUTION, ETC.
Place of publication, distribution, etc. Barcelona :
Name of publisher, distributor, etc. Blume ;
Date of publication, distribution, etc. 1994
300 ## - PHYSICAL DESCRIPTION
Extent 2 volúmenes :
Other physical details il. col., lams., graf.;
Dimensions 29 cm.
490 ## - SERIES STATEMENT
Series statement Biblioteca del diseño gráfico
505 0# - FORMATTED CONTENTS NOTE
Formatted contents note volumen 1: Útiles y equipos de diseño -- Técnicas específicas del diseño -- Diseño, reproducción e impresión -- Las aplicaciones del diseño -- La práctica profesional -- volumen 2: Diseño y tipografía -- Diseño y fotografía -- Diseño e ilustración -- El diseño y los medios condicionados por el tiempo -- Diseño y envase -- Diseño e identidad corporativa
520 3# - SUMMARY, ETC.
Summary, etc. Describe y conceptualiza la tarea del diseñador gráfico en la época actual, considera los elementos y las técnicas necesarias que hacen de esta profesión estimulante e imaginativa.
650 10 - SUBJECT ADDED ENTRY--TOPICAL TERM
Topical term or geographic name entry element Diseño gráfico
9 (RLIN) 196
650 20 - SUBJECT ADDED ENTRY--TOPICAL TERM
Topical term or geographic name entry element Comunicación visual
9 (RLIN) 460
650 20 - SUBJECT ADDED ENTRY--TOPICAL TERM
Topical term or geographic name entry element Diseño asistido por computador
9 (RLIN) 218
942 ## - ADDED ENTRY ELEMENTS (KOHA)
Koha item type Libros
Source of classification or shelving scheme Dewey Decimal Classification
Existencias
Fecha de la última vez que lo usaron Número de ingreso o de inventario Pago total Signatura topográfica completa Código de barras Precio efectivo desde Tipo de documento Estado perdido Sistema de clasificación Estado dañado No es para préstamo Retirado Ubicación permanente Ubicación actual Fecha de adquisición
15/05/2020 6970   741.6/D/v. 1 BibLima24110001 15/05/2020 Libros   Dewey Decimal Classification       Biblioteca Central Lima Biblioteca Central Lima 15/05/2020
06/11/2024 6971   741.6/D/v. 2 BibLima24110002 06/11/2024 Libros   Dewey Decimal Classification       Biblioteca Central Lima Biblioteca Central Lima 06/11/2024